All-NBA First Team Players - Statistics

General Stats
  • This quiz has been taken 548,364 times
    4,842 since last reset
  • The average score is 38 of 57
Answer Stats
# Selections Player % Correct
13 Lebron James
98%
10 Michael Jordan
95%
6 Nikola Jokić
95%
4 Stephen Curry
95%
11 Kobe Bryant
93%
6 Luka Dončić
93%
4 S. Gilgeous-Alexander
92%
8 Shaquille O'Neal
92%
1 DeAndre Jordan
91%
6 Kevin Durant
91%
7 G. Antetokounmpo
90%
6 James Harden
89%
10 Tim Duncan
85%
1 Victor Wembanyama
85%
9 Magic Johnson
84%
2 Russell Westbrook
82%
9 Larry Bird
81%
3 Scottie Pippen
80%
4 Jayson Tatum
79%
1 Joel Embiid
79%
3 Steve Nash
78%
6 Hakeem Olajuwon
77%
2 Dwyane Wade
76%
11 Karl Malone
76%
4 Chris Paul
75%
4 Dirk Nowitzki
75%
3 Kawhi Leonard
74%
3 Allen Iverson
72%
4 Kevin Garnett
72%
4 David Robinson
71%
4 Anthony Davis
70%
2 John Stockton
69%
1 Derrick Rose
67%
5 Charles Barkley
66%
4 Dwight Howard
65%
5 Jason Kidd
62%
1 Cade Cunningham
60%
1 Damian Lillard
60%
1 Donovan Mitchell
59%
1 Paul George
58%
1 Marc Gasol
57%
1 Devin Booker
56%
1 Patrick Ewing
56%
2 Tracy McGrady
51%
1 Clyde Drexler
47%
2 Gary Payton
45%
2 Penny Hardaway
44%
1 Tim Hardaway
43%
1 Joakim Noah
41%
1 Alonzo Mourning
37%
1 Kevin McHale
36%
1 Amare Stoudemire
35%
1 Chris Webber
31%
1 Grant Hill
30%
1 Chris Mullin
26%
1 Mark Price
22%
1 Latrell Sprewell
20%
No matching quizzes found
Score Distribution
Percent of People with Each Score
Percentile by Number Answered
Your Score History
You have not taken this quiz since the last reset